Moros y cristianos (Record no. 14589)

MARC details
000 -LEADER
campo de control de longitud fija 00869nam a2200217 i 4500
001 - NÚMERO DE CONTROL
campo de control 14589
003 - IDENTIFICADOR DE NÚMERO DE CONTROL
campo de control ES-MaACL
005 - FECHA Y HORA DE LA ÚLTIMA TRANSACCIÓN
campo de control 20230906150838.0
007 - CAMPO FIJO DE DESCRIPCIÓN FÍSICA--INFORMACIÓN GENERAL
campo de control de longitud fija t|
008 - DATOS DE LONGITUD FIJA--INFORMACIÓN GENERAL
campo de control de longitud fija 990428s1999 sp a |||| | spa d
020 ## - NÚMERO INTERNACIONAL ESTÁNDAR DEL LIBRO
Número Internacional Estándar del Libro 84-923611-3-1
080 ## - NÚMERO DE LA CLASIFICACIÓN DECIMAL UNIVERSAL
Número de la Clasificación Decimal Universal 394.2(460)(091)
100 1# - ENTRADA PRINCIPAL--NOMBRE DE PERSONA
Nombre de persona González Hernández, Miguel Ángel.
9 (RLIN) 58704
245 10 - MENCIÓN DEL TÍTULO
Título Moros y cristianos
Resto del título : del alarde medieval a las fiestas reales barrocas (ss. XV-XVIII) : orígenes y evolución de la fiesta /
Mención de responsabilidad, etc. Miguel-Angel González Hernández.
260 ## - PUBLICACIÓN, DISTRIBUCIÓN, ETC.
Lugar de publicación, distribución, etc. Monforte del Cid (Alicante) :
Nombre del editor, distribuidor, etc. Ayuntamiento ;
Lugar de publicación, distribución, etc. Alicante :
Nombre del editor, distribuidor, etc. Diputación Provincial,
Fecha de publicación, distribución, etc. 1999.
300 ## - DESCRIPCIÓN FÍSICA
Extensión 300 p. :
Otras características físicas il. ;
Dimensiones 22 cm.
650 #4 - PUNTO DE ACCESO ADICIONAL DE MATERIA--TÉRMINO DE MATERIA
Término de materia o nombre geográfico como elemento de entrada Moros y cristianos (Fiesta)-
Subdivisión de forma Historia.
9 (RLIN) 15197
710 1# - ENTRADA AGREGADA--NOMBRE DE ENTIDAD CORPORATIVA
Nombre de entidad corporativa o nombre de jurisdicción como elemento de entrada Alicante (Provincia).
Unidad subordinada Diputación Provincial.
9 (RLIN) 1336
710 1# - ENTRADA AGREGADA--NOMBRE DE ENTIDAD CORPORATIVA
Nombre de entidad corporativa o nombre de jurisdicción como elemento de entrada Monforte del Cid.
Unidad subordinada Ayuntamiento.
9 (RLIN) 5759
852 ## - LOCALIZACIÓN
Ubicación ES-MaACL
Número de control de estantería L-21835
Holdings
Estatus retirado Estado de pérdida Estado de daño No para préstamo Biblioteca de origen Biblioteca actual Ubicación en estantería Fecha de adquisición Fuente de adquisición Total de préstamos Signatura topográfica completa Código de barras Visto por última vez Precio de reemplazo Tipo de ítem Koha
        Biblioteca del Ateneo de Madrid Biblioteca del Ateneo de Madrid Depósito 2 17/01/2008     L-21835 1014837 23/02/2023 23/02/2023 Libro impreso